[Event "Rohde op 06th"]
[Site "Sautron"]
[Date "2006.11.04"]
[Round "9"]
[White "Schmouchkovitch, Michel"]
[Black "Chabradze, Boris"]
[Result "1-0"]
[WhiteElo "1964"]
[BlackElo "2107"]
[PlyCount "103"]
[EventDate "2006.10.28"]
[EventType "swiss"]
[EventRounds "9"]
[EventCountry "FRA"]
[SourceTitle "EXT 2007"]
[Source "ChessBase"]
[SourceDate "2006.11.23"]
[SourceVersion "1"]
[SourceVersionDate "2006.11.23"]
[SourceQuality "1"]

1. Nf3 Nf6 2. g3 Nc6 3. d4 d6 4. Bg2 Bf5 5. 0-0 g6 6. c4 Bg7 7. Nc3 Ne4 8. Nh4 Nxc3 9. bxc3 Bd7 10. e4 e5 11. d5 Na5 12. Qe2 b6 13. Nf3 0-0 14. Nd2 Qe7 15. Nb1 Rae8 16. Na3 a6 17. Be3 f5 18. f3 Bc8 19. Nc2 Rf7 20. Nb4 Ref8 21. Rab1 g5 22. g4 fxe4 23. fxe4 h6 24. Rxf7 Rxf7 25. Rf1 Rxf1+ 26. Kxf1 Qd7 27. h3 Qa4 28. Ke1 Qa3 29. Bf1 Qxc3+ 30. Qd2 Qa1+ 31. Qc1 Qxc1+ 32. Bxc1 Bf8 33. Bd2 Kf7 34. c5 dxc5 35. Nxa6 Bd6 36. Bxa5 bxa5 37. Nb8 h5 38. Be2 h4 39. Nc6 a4 40. Bb5 a3 41. Na7 Bb7 42. Nc6 Kf6 43. Na5 Bc8 44. Nc4 Ke7 45. Nxa3 c4 46. Nxc4 Bb4+ 47. Ke2 Bc3 48. a4 Bd4 49. a5 Kf6 50. Nd2 Bc3 51. Nb3 Bb7 52. a6 1-0

[Event "FRA Cup quarterfinal"]
[Site "Versailles"]
[Date "2006.??.??"]
[Round "1.4"]
[White "Chabradze, Boris"]
[Black "Relange, Eloi"]
[Result "0-1"]
[WhiteElo "2095"]
[BlackElo "2490"]
[PlyCount "66"]
[EventDate "2006.06.10"]
[EventType "team"]
[EventRounds "1"]
[EventCountry "FRA"]
[SourceTitle "EXT 2007"]
[Source "ChessBase"]
[SourceDate "2006.11.23"]
[SourceVersion "1"]
[SourceVersionDate "2006.11.23"]
[SourceQuality "1"]

1. e4 c5 2. Nf3 d6 3. d4 cxd4 4. Nxd4 Nf6 5. Nc3 e6 6. Be3 a6 7. Qd2 b5 8. f3 Nbd7 9. g4 Nb6 10. g5 Nfd7 11. h4 Bb7 12. Bd3 Ne5 13. 0-0-0 Rc8 14. Kb1 b4 15. Nce2 d5 16. h5 Nbc4 17. Bxc4 Nxc4 18. Qd3 dxe4 19. fxe4 e5 20. Nf5 Qxd3 21. cxd3 Nxe3 22. Nxe3 Kd7 23. Nc4 Ke6 24. b3 Be7 25. Rhg1 g6 26. d4 Bxe4+ 27. Kb2 f6 28. gxf6 Bxf6 29. dxe5 Bxe5+ 30. Nd4+ Kd5 31. Rg5 Bf5 32. Nb6+ Ke4 33. Nxc8 Rxc8 0-1

[Event "Rohde op 05th"]
[Site "Sautron"]
[Date "2005.10.22"]
[Round "1"]
[White "Chatalbashev, Boris"]
[Black "Chabradze, Boris"]
[Result "1-0"]
[WhiteElo "2491"]
[BlackElo "2109"]
[PlyCount "41"]
[EventDate "2005.10.22"]
[EventType "swiss"]
[EventRounds "9"]
[EventCountry "FRA"]
[SourceTitle "EXT 2006"]
[Source "ChessBase"]
[SourceDate "2005.11.24"]
[SourceVersion "1"]
[SourceVersionDate "2005.11.24"]
[SourceQuality "1"]

1. d4 Nf6 2. c4 d6 3. Nc3 Bf5 4. g3 Ne4 5. Bg2 Nxc3 6. bxc3 c6 7. e4 Bc8 8. f4 e5 9. Nf3 Nd7 10. 0-0 Be7 11. c5 dxc5 12. fxe5 cxd4 13. e6 fxe6 14. Nxd4 Ne5 15. Qh5+ Ng6 16. e5 c5 17. Nb5 Bd7 18. Be4 Qb6 19. Bxg6+ Kd8 20. a4 a6 21. Bg5 1-0

[Event "Gorges op 15th"]
[Site "Gorges"]
[Date "2005.07.??"]
[Round "4"]
[White "Chabradze, Boris"]
[Black "Le Gallo, Frederic"]
[Result "1-0"]
[WhiteElo "2127"]
[BlackElo "1993"]
[PlyCount "69"]
[EventDate "2005.07.??"]
[EventType "swiss"]
[EventRounds "7"]
[EventCountry "FRA"]
[SourceTitle "EXT 2006"]
[Source "ChessBase"]
[SourceDate "2005.11.24"]
[SourceVersion "1"]
[SourceVersionDate "2005.11.24"]
[SourceQuality "1"]

1. e4 e5 2. Nf3 Nf6 3. Nxe5 d6 4. Nf3 Nxe4 5. Nc3 Nxc3 6. dxc3 Be7 7. Bf4 Nd7 8. Qd2 0-0 9. 0-0-0 Nc5 10. h4 a5 11. Nd4 Ne6 12. g4 Nxd4 13. cxd4 Bxg4 14. Re1 Bxh4 15. Bd3 f5 16. Rh2 h6 17. Reh1 g5 18. Rxh4 gxh4 19. Bxh6 h3 20. Bc4+ Rf7 21. Bxf7+ Kxf7 22. f3 Bxf3 23. Rxh3 Bg4 24. Bg5 Qg8 25. Rh6 Re8 26. Rf6+ Kg7 27. b3 Qd5 28. Rh6 Re2 29. Bf6+ Kf7 30. Qg5 Ke8 31. Qg7 Rxc2+ 32. Kxc2 Qg2+ 33. Kc3 Qg3+ 34. Kb2 Qf2+ 35. Ka3 1-0